<?xml version="1.0" encoding="UTF-8"?>
<marc:record xmlns:marc="http://www.loc.gov/MARC21/slim">
   <marc:leader>00000nam a2200000 a 4500</marc:leader>
   <marc:datafield ind1="1" ind2=" " tag="100">
      <marc:subfield code="a">Walleczek, Sasha</marc:subfield>
      <marc:subfield code="4">aut</marc:subfield>
      <marc:subfield code="e">Verfasser/-in</marc:subfield>
   </marc:datafield>
   <marc:datafield ind1="0" ind2="0" tag="245">
      <marc:subfield code="a">Die Walleczek Methode</marc:subfield>
   </marc:datafield>
   <marc:datafield ind1="0" ind2="0" tag="245">
      <marc:subfield code="b">ohne Diät zum Wunschgewicht</marc:subfield>
   </marc:datafield>
   <marc:datafield ind1="0" ind2="0" tag="245">
      <marc:subfield code="c">Sasha Walleczek</marc:subfield>
   </marc:datafield>
   <marc:datafield ind1=" " ind2="1" tag="264">
      <marc:subfield code="a">Wien</marc:subfield>
      <marc:subfield code="b">Ueberreuter</marc:subfield>
      <marc:subfield code="c">2007</marc:subfield>
   </marc:datafield>
   <marc:datafield ind1="1" ind2=" " tag="490">
      <marc:subfield code="a">AtV</marc:subfield>
   </marc:datafield>
   <marc:datafield ind1="1" ind2=" " tag="520">
      <marc:subfield code="a">Sasha Walleczek ist mittlerweile durch ihre Fernsehpräsenz einem breiten Publikum bekannt. Die Ernährungsberaterin und Wirtschaftswissenschaftlerin hat das Abnehmen zur Fernsehpassion stilisiert - der Lebenswandel soll verändert werden. Für das breite Publikum gibt es nun auch die Light-Version für zu Hause in Form eines Buches. "Die Walleczek Methode. Ohne Diät zum Wunschgewicht" bietet auf den ersten 100 Seiten Wissenswertes über Ernährung, Körper und ihren Methodenansatz, um dann auf weiteren 50 Seiten mit Rezeptvorschlägen aufzuwarten. Diese sind schön bebildert, klingen schmackhaft und sind mit Zutaten umzusetzen, die man in jedem gut sortierten Supermarkt kaufen kann. Ist Frau Walleczek im Fernsehen durchaus gewöhnungsbedürftig, so gewöhnt man sich an ihr sympathisches Buch schnell - und die Rezepte sind durchwegs ein realisierbarer Traum.</marc:subfield>
   </marc:datafield>
   <marc:datafield ind1=" " ind2=" " tag="020">
      <marc:subfield code="a">3800072777</marc:subfield>
      <marc:subfield code="9">3800072777</marc:subfield>
   </marc:datafield>
   <marc:datafield ind1=" " ind2=" " tag="300">
      <marc:subfield code="a">160 S. : zahlr. Ill.</marc:subfield>
   </marc:datafield>
</marc:record>
